000 01145cad a22002535a 4500
001 L153706
008 110822e20110819xxkd f s 000 0 eng d
035 _a(Sirsi) u153706
041 0 _aeng
050 0 4 _a333.33 $2 18
110 2 _aRoyal Institution of Chartered Surveyors
_bEconomics
_95033
245 0 0 _aRICS global real estate weekly
_b19 August 2011
_h[electronic resource]
260 _aLondon
_bRICS
_c2011
490 0 _aRICS Global Real Estate Weekly
_v19 August 2011
520 _aMortgage lending surges ahead in Brazil. Swedish house price outlook softening. Hong Kong mortgage approvals fall on the back of restrictive measures. UK farmland market remains buoyant.
590 _aKA
650 2 4 _aRICS GLOBAL REAL ESTATE WEEKLY
651 4 _aInternational
690 _aPROPERTY-COMMERCIAL PROPERTY-COMMERCIAL PROPERTY MARKET
690 _aPROPERTY-RESIDENTIAL PROPERTY-RESIDENTIAL PROPERTY MARKET
690 _aPROPERTY-RURAL AND NATURAL ASSETS-AGRICULTURAL PROPERTY
856 4 0 _uhttps://www.rics.org/site/download_feed.aspx?fileID=10239&fileExtension=PDF
_zView the report free of charge at www.rics.org
942 _n0
999 _c112660
_d112660